Krabi International Airport Destinations (Krabi, Thailand) - Statistics

General Stats
  • This quiz has been taken 70 times
    24 since last reset
  • The average score is 13 of 18
Answer Stats
Airline Destination % Correct
Nok Air/Thai AirAsia/Thai Lion Air Bangkok (Don Mueang)
100%
Bangkok Airways/Thai Airways International/Thai AirAsia/Thai VietJet Air Bangkok (Suvarnabhumi)
100%
Etihad Airways Abu Dhabi
95%
flydubai Dubai (International)
95%
IndiGo Delhi
90%
AirAsia/Batik Air Malysia/Firefly Kuala Lumpur (International)
90%
LOT Polish Airlines/Neos Warsaw (Chopin)
86%
IndiGo Mumbai
76%
Scoot Singapore
76%
IndiGo Bengaluru
71%
Sichuan Airlines Chengdu (Tianfu)
71%
Thai AirAsia Chiang Mai
71%
Sichuan Airlines Chongqing
71%
TUI fly Nordic Oslo
71%
Air Arabia Sharjah
52%
Neos Prague
29%
TUI fly Nordic Gothenburg
24%
Bangkok Airways Koh Samui
24%
No matching quizzes found
Score Distribution
Percent of People with Each Score
Percentile by Number Answered
Your Score History
You have not taken this quiz since the last reset